Lyon Biggest Transfers - Statistics

General Stats
  • This quiz has been taken 42 times
  • The average score is 109 of 229
Answer Stats
% Correct
Outgoings France ST Alexandre Lacazette 17/18 Arsenal
97%
Incomings Brazil AM Lucas Paqueta 20/21 Milan
94%
Outgoings Brazil AM Lucas Paqueta 22/23 West Ham United
94%
Incomings France CM Tanguy Ndombele 18/19 Amiens
94%
Incomings France CM Tanguy Ndombele 17/18 Amiens
94%
Incomings France CM Tanguy Ndombele 21/22 Tottenham Hotspur
94%
Outgoings France CM Tanguy Ndombele 19/20 Tottenham Hotspur
94%
Outgoings France CM Corentin Tolisso 17/18 Bayern Munich
91%
Incomings France LB Ferland Mendy 17/18 Le Havre
91%
Outgoings France LB Ferland Mendy 19/20 Real Madrid
91%
Incomings Ghana DM Michael Essien 03/04 Bastia
91%
Outgoings Ghana DM Michael Essien 05/06 Chelsea
91%
Outgoings France AM Nabil Fekir 19/20 Real Betis
91%
Incomings Brazil CB Anderson 07/08 Benfica
88%
Incomings Brazil DM Bruno Guimaraes 19/20 Athletico Paranaense
88%
Outgoings Brazil DM Bruno Guimaraes 21/22 Newcastle United
88%
Incomings Dominican Republic ST Mariano Diaz 17/18 Real Madrid
88%
Outgoings Dominican Republic ST Mariano Diaz 18/19 Real Madrid
88%
Incomings France GK Hugo Lloris 08/09 Nice
85%
Outgoings France GK Hugo Lloris 12/13 Tottenham Hotspur
85%
Incomings Denmark CB Joachim Andersen 19/20 Sampdoria
85%
Outgoings Denmark CB Joachim Andersen 21/22 Crystal Palace
85%
Outgoings Denmark CB Joachim Andersen 20/21 Fulham
85%
Outgoings France ST Karim Benzema 09/10 Real Madrid
85%
Incomings Netherlands ST Memphis Depay 16/17 Manchester United
85%
Incomings France ST Moussa Dembele 18/19 Celtic
85%
Outgoings France ST Moussa Dembele 20/21 Atletico Madrid
85%
Outgoings France RW Bradley Barcola 23/24 Paris Saint-Germain
82%
Outgoings France CB Samuel Umtiti 16/17 Barcelona
82%
Incomings Croatia CB Dejan Lovren 09/10 Dinamo Zagreb
79%
Incomings Croatia CB Dejan Lovren 22/23 Zenit
79%
Outgoings Croatia CB Dejan Lovren 13/14 Southampton
79%
Incomings Argentina ST Lisandro Lopez 09/10 Porto
79%
Outgoings Argentina ST Lisandro Lopez 13/14 Al-Gharafa
79%
Outgoings France RB Malo Gusto 22/23 Chelsea
79%
Incomings Bosnia CM Miralem Pjanic 07/08 Metz
79%
Outgoings Bosnia CM Miralem Pjanic 11/12 Roma
79%
Incomings Argentina LB Nicolas Tagliafico 22/23 Ajax
79%
Incomings Burkina Faso RW Bertrand Traore 17/18 Chelsea
76%
Outgoings Burkina Faso RW Bertrand Traore 20/21 Aston Villa
76%
Outgoings France CB Castello Lukeba 23/24 RB Leipzig
76%
Incomings France LW Florent Malouda 03/04 Guingamp
76%
Outgoings France LW Florent Malouda 07/08 Chelsea
76%
Incomings Lyon LW Maxwel Cornet 14/15 Metz
76%
Outgoings Ivory Coast LW Maxwel Cornet 21/22 Burnley
76%
Incomings Brazil ST Sonny Anderson 99/00 Barcelona
76%
Incomings Portugal CM Tiago Mendes 05/06 Chelsea
76%
Outgoings Portugal CM Tiago Mendes 07/08 Juventus
76%
Incomings Belgium CB Jason Denayer 18/19 Manchester City
74%
Incomings Cameroon ST Karl Toko Ekambi 20/21 Villarreal
74%
Incomings Cameroon ST Karl Toko Ekambi 19/20 Villarreal
74%
Outgoings Cameroon ST Karl Toko Ekambi 22/23 Rennes
74%
Outgoings Cameroon ST Karl Toko Ekambi 23/24 Abha
74%
Incomings France DM Lucas Tousart 15/16 Valenciennes
74%
Outgoings France DM Lucas Tousart 19/20 Hertha Berlin
74%
Incomings Switzerland AM Xherdan Shaqiri 21/22 Liverpool
74%
Outgoings Switzerland AM Xherdan Shaqiri 21/22 Chicago Fire
74%
Outgoings Brazil AM Juninho Pernambucano 09/10 Al-Gharafa
71%
Incomings Brazil DM Thiago Mendes 19/20 Lille
71%
Outgoings Brazil DM Thiago Mendes 23/24 Al-Rayyan
71%
Incomings France AM Yoann Gourcuff 10/11 Bordeaux
71%
Incomings France GK Gregory Coupet 96/97 Saint-Etienne
68%
Outgoings France GK Gregory Coupet 08/09 Atletico Madrid
68%
Incomings France DM Jeremy Toulalan 06/07 Nantes
68%
Outgoings France DM Jeremy Toulalan 11/12 Malaga
68%
Incomings Netherlands RB Kenny Tete 17/18 Ajax
68%
Outgoings Netherlands RB Kenny Tete 20/21 Fulham
68%
Incomings Brazil RB Rafael 15/16 Manchester United
68%
Outgoings Brazil RW Tete 22/23 Leicester City
68%
Incomings France ST Bafetimbi Gomis 09/10 Saint-Etienne
65%
Incomings France LB Eric Abidal 04/05 Lille
65%
Outgoings France LB Eric Abidal 07/08 Barcelona
65%
Incomings France AM Jeff Reine-Adelaide 19/20 Angers
65%
Incomings Italy LB Fabio Grosso 07/08 Inter Milan
59%
Outgoings Italy LB Fabio Grosso 09/10 Juventus
59%
Incomings France AM Mathieu Valbuena 15/16 Dynamo Moscow
59%
Outgoings France AM Mathieu Valbuena 17/18 Fenerbahce
59%
Incomings Spain CM Sergi Darder 15/16 Malaga
59%
Outgoings Spain CM Sergi Darder 18/19 Espanyol
59%
Incomings France DM Alou Diarra 06/07 Lens
56%
Outgoings France DM Alou Diarra 07/08 Bordeaux
56%
Incomings Mali DM Mahamadou Diarra 02/03 Vitesse
56%
Outgoings Mali DM Mahamadou Diarra 06/07 Real Madrid
56%
Incomings France LW Martin Terrier 17/18 Lille
56%
Outgoings France LW Martin Terrier 20/21 Rennes
56%
Incomings Brazil LM Michel Bastos 09/10 Lille
56%
Outgoings Brazil LM Michel Bastos 13/14 Al-Ain
56%
Outgoings Brazil LM Michel Bastos 12/13 Schalke
56%
Incomings France RM Romain Faivre 21/22 Brest
56%
Outgoings France RM Romain Faivre 23/24 Bournemouth
56%
Outgoings France RM Romain Faivre 22/23 Lorient
56%
Incomings Sweden ST Amin Sarr 22/23 Heerenveen
53%
Outgoings Sweden ST Amin Sarr 23/24 Wolfsburg
53%
Outgoings Cameroon RW Clinton N'Jie 15/16 Tottenham Hotspur
53%
Incomings Ireland CB Jake O'Brien 23/24 Crystal Palace
53%
Incomings Cameroon DM Jean II Makoun 08/09 Lille
53%
Outgoings Cameroon DM Jean II Makoun 10/11 Aston Villa
53%
Incomings Sweden CM Kim Kallstrom 06/07 Rennes
53%
Outgoings Sweden CM Kim Kallstrom 12/13 Spartak Moscow
53%
Outgoings Senegal CB Naby Sarr 14/15 Sporting CP
53%
Incomings Zimbabwe ST Tino Kadewere 19/20 Le Havre
53%
Outgoings Algeria LW Amine Gouiri 20/21 Nice
50%
Incomings Brazil CB Cris 04/05 Cruzeiro
50%
Incomings Croatia CB Duje Caleta-Car 23/24 Southampton
50%
Incomings Brazil LW Jeffinho 22/23 Botafogo
50%
Outgoings France CM Jordan Ferri 19/20 Montpellier
50%
Outgoings France DM Maxime Gonalons 17/18 Roma
50%
Incomings Ivory Coast RW Abdul Kader Keita 07/08 Lille
47%
Outgoings Ivory Coast RW Abdul Kader Keita 09/10 Galatasaray
47%
Outgoings Romania GK Ciprian Tatarusanu 20/21 Milan
47%
Incomings Brazil ST Giovane Elber 03/04 Bayern Munich
47%
Outgoings Mali CM Habib Keita 23/24 Clermont Foot
47%
Outgoings France RB Leo Dubois 22/23 Galatasaray
47%
Outgoings Brazil LB Marcal 20/21 Wolverhampton Wanderers
47%
Incomings France RB Anthony Reveillere 03/04 Rennes
44%
Incomings Burkina Faso CB Bakary Kone 11/12 Guingamp
44%
Incomings France RB Christophe Jallet 14/15 Paris Saint-Germain
44%
Incomings Angola RB Clinton Mata 23/24 Club Brugge
44%
Incomings Portugal LW Diego Moreira 23/24 Chelsea
44%
Outgoings France AM Hatem Ben Arfa 08/09 Marseille
44%
Incomings Brazil CM Jean Lucas 19/20 Flamengo
44%
Outgoings Brazil CM Jean Lucas 21/22 Monaco
44%
Incomings France CB Mapou Yanga-Mbiwa 15/16 Roma
44%
Incomings Portugal RB Miguel Lopes 13/14 Sporting CP
44%
Outgoings Cameroon CB Nicolas N'Koulou 18/19 Torino
44%
Incomings Senegal CM Pape Cheikh Diop 17/18 Celta Vigo
44%
Incomings Mali LB Youssouf Kone 19/20 Lille
44%
Incomings Norway ST John Carew 05/06 Besiktas
41%
Incomings France CB Aly Cissokho 09/10 Porto
38%
Outgoings France CB Aly Cissokho 12/13 Valencia
38%
Incomings Brazil CB Claudio Cacapa 01/02 Atletico Mineiro
38%
Incomings Brazil DM Edmilson 00/01 Sao Paulo
38%
Outgoings Brazil DM Edmilson 04/05 Barcelona
38%
Incomings Argentina CB Emanuel Mammana 16/17 River Plate
38%
Outgoings Argentina CB Emanuel Mammana 17/18 Zenit
38%
Incomings France DM Gueida Fofana 11/12 Le Havre
38%
Incomings Brazil CB Marcelo 17/18 Besiktas
38%
Outgoings France LB Melvin Bard 21/22 Nice
38%
Outgoings Czech Republic ST Milan Baros 08/09 Galatasaray
38%
Outgoings Guinea CB Mouctar Diakhaby 18/19 Valencia
38%
Incomings France AM Eric Carriere 01/02 Nantes
35%
Outgoings France AM Eric Carriere 04/05 Lens
35%
Incomings Brazil ST Fred 05/06 Cruzeiro
35%
Incomings France CB Jean-Alain Boumsong 07/08 Juventus
35%
Incomings Guinea-Bissau ST Mama Balde 23/24 Troyes
35%
Outgoings France ST Willem Geubbels 18/19 Monaco
35%
Incomings France ST Claudio Beauvue 15/16 Guingamp
32%
Outgoings France ST Claudio Beauvue 15/16 Celta Vigo
32%
Incomings Cameroon LB Henri Bedimo 13/14 Montpellier
32%
Incomings France DM Johann Lepenant 22/23 Caen
32%
Incomings Serbia CB Milan Bisevac 12/13 Paris Saint-Germain
32%
Incomings France ST Peguy Luyindula 01/02 Strasbourg
32%
Outgoings France ST Peguy Luyindula 04/05 Marseille
32%
Outgoings Luxembourg DM Christopher Martins 19/20 Young Boys
29%
Outgoings Mali ST Frederic Kanoute 00/01 West Ham United
29%
Incomings Cameroon DM Marc-Vivien Foe 00/01 West Ham United
29%
Incomings Brazil ST Nilmar 04/05 Internacional
29%
Outgoings Brazil ST Nilmar 06/07 Corinthians
29%
Outgoings Brazil ST Nilmar 05/06 Corinthians
29%
Incomings Switzerland CB Patrick Muller 00/01 Juventus
29%
Incomings Switzerland CB Patrick Muller 05/06 Basel
29%
Incomings Ivory Coast DM Paul Akouokou 23/24 Real Betis
29%
Incomings France RB Sael Kumbedi 22/23 Le Havre
29%
Incomings France CM Skelly Alvero 23/24 Sochaux
29%
Outgoings France CM Steed Malbranque 01/02 Fulham
29%
Incomings Turkey CB Cenk Ozkacar 20/21 Altay
26%
Outgoings Turkey CB Cenk Ozkacar 23/24 Valencia
26%
Incomings France ST Jean-Philippe Mateta 16/17 Chateauroux
26%
Outgoings France ST Jean-Philippe Mateta 18/19 Mainz
26%
Outgoings Poland LB Maciej Rybus 17/18 Lokomotiv Moscow
26%
Incomings France DM Mathieu Bodmer 07/08 Lille
26%
Outgoings France DM Mathieu Bodmer 10/11 Paris Saint-Germain
26%
Incomings France CB Oumar Solet 18/19 Laval
26%
Outgoings France CB Oumar Solet 20/21 RB Salzburg
26%
Incomings France CB Sebastien Squillaci 06/07 Monaco
26%
Outgoings France CB Sebastien Squillaci 08/09 Sevilla
26%
Incomings Argentina RW Cesar Delgado 07/08 Cruz Azul
24%
Incomings France ST Jimmy Briand 10/11 Rennes
24%
Incomings Ghana CB John Mensah 08/09 Rennes
24%
Outgoings Ghana CB John Mensah 09/10 Sunderland
24%
Outgoings France ST Loic Remy 08/09 Nice
24%
Outgoings Algeria RB Mehdi Zeffane 15/16 Rennes
24%
Outgoings Comoros LW Myziane Maolida 18/19 Nice
24%
Outgoings France ST Steve Marlet 01/02 Fulham
24%
Outgoings Algeria AM Yassine Benzia 15/16 Lille
24%
Incomings Brazil AM Ederson 08/09 Nice
21%
Outgoings France RW Ludovic Giuly 97/98 Monaco
21%
Outgoings DR Congo LW Aldo Kalulu 18/19 Basel
18%
Incomings DR Congo DM Arnold Mvuemba 12/13 Lorient
18%
Incomings France DM Benoit Pedretti 05/06 Marseille
18%
Outgoings France DM Benoit Pedretti 06/07 Auxerre
18%
Outgoings France ST Florian Maurice 97/98 Paris Saint-Germain
18%
Incomings France ST Frederic Nee 01/02 Bastia
18%
Outgoings Poland CB Jacek Bak 01/02 Lens
18%
Outgoings France DM Jeremy Clement 06/07 Rangers
18%
Incomings France ST Pierre-Alain Frau 04/05 Sochaux
18%
Outgoings France ST Pierre-Alain Frau 06/07 Paris Saint-Germain
18%
Incomings France ST Tony Vairelles 99/00 Lens
18%
Outgoings Senegal CB Abdoulaye Ndiaye 23/24 Troyes
15%
Incomings Brazil DM Camilo 19/20 Ponte Preta
15%
Incomings Argentina LB Fabian Monzon 12/13 Nice
15%
Outgoings Argentina LB Fabian Monzon 13/14 Catania
15%
Incomings Brazil DM Fabio Santos 06/07 Cruzeiro
15%
Outgoings France AM Fares Bahlouli 15/16 Monaco
15%
Incomings France ST Frederic Piquionne 08/09 Monaco
15%
Outgoings France ST Frederic Piquionne 10/11 West Ham United
15%
Outgoings Algeria ST Ishak Belfodil 12/13 Parma
15%
Incomings Algeria LB Nadir Belhadj 07/08 Sedan
15%
Outgoings Algeria LB Nadir Belhadj 07/08 Lens
15%
Incomings France LW Gael Danic 13/14 Valenciennes
12%
Outgoings France CB Jeremie Brechet 03/04 Inter Milan
12%
Incomings Mauritius CB Lindsay Rose 14/15 Valenciennes
12%
Outgoings Mauritius CB Lindsay Rose 16/17 Lorient
12%
Outgoings Guinea ST Mohamed Yattara 15/16 Standard Liege
12%
Outgoings France RW Romain Del Castillo 18/19 Rennes
12%
Outgoings France AM Bryan Bergougnoux 05/06 Toulouse
9%
Outgoings France CM Florent Balmont 04/05 Nice
9%
Incomings France CB Sylvain Monsoreau 05/06 Sochaux
9%
Outgoings France CB Sylvain Monsoreau 06/07 Monaco
9%
Outgoings France SS Sylvain Wiltord 07/08 Rennes
9%
Incomings France CM Vikash Dhorasoo 98/99 Le Havre
9%
Outgoings France CM Enzo Reale 12/13 Lorient
6%
Outgoings France LB Jeremy Berthod 07/08 Monaco
6%
Outgoings France RB Jeremy Pied 12/13 Nice
6%
Outgoings France CB Sandy Paillot 09/10 Grenoble
6%
Outgoings France LW Anthony Mounier 09/10 Nice
3%
Outgoings Ghana DM Elisha Owusu 19/20 Gent
3%
Incomings France LW Lenny Pintor 18/19 Brest
3%
Incomings France CB Timothee Kolodziejczak 09/10 Lens
3%
No matching quizzes found
Score Distribution
Percent of People with Each Score
Percentile by Number Answered
Your Score History
You have not taken this quiz